[Event "Hofmann Cup"]
[Site "Baden-Baden"]
[Date "1995.??.??"]
[Round "1"]
[White "Gerstner, Wolfgang"]
[Black "Pelletier, Yannick"]
[Result "0-1"]
[WhiteElo "2370"]
[BlackElo "2460"]

1.d4 d5 2.c4 c6 3.Nc3 Nf6 4.e3 e6 5.Nf3 Nbd7 6.Qc2 b6 7.Be2 Bb7 8.O-O Be7
9.Rd1 O-O 10.a3 Rc8 11.b4 dxc4 12.Bxc4 c5 13.dxc5 bxc5 14.b5 Qc7 15.Bb2 Nb6
16.Be2 Ng4 17.Ne4 c4 18.h3 Bxe4 19.Qxe4 c3 20.Bxc3 Nxf2 21.Kxf2 Qxc3 22.a4 Nd5
23.Qd3 Qf6 24.Qd4 Nxe3 25.Rd3 Nc2 26.Qxf6 Bxf6 27.Ra2 Nb4  0-1

[Event "Hofmann Cup"]
[Site "Baden-Baden"]
[Date "1995.??.??"]
[Round "1"]
[White "Jost, Claude"]
[Black "Metz, Hartmut"]
[Result "0-1"]
[WhiteElo "2305"]
[BlackElo "2320"]

1.d4 c6 2.c4 d5 3.e3 Nf6 4.Nc3 e6 5.Nf3 Nbd7 6.Bd3 Bd6 7.O-O O-O 8.e4 dxe4
9.Nxe4 Nxe4 10.Bxe4 Nf6 11.Bc2 Qc7 12.Qd3 h6 13.Re1 Rd8 14.Ne5 c5 15.Qg3 cxd4
16.Bxh6 Ne8 17.f4 Kf8 18.Bg5 f6 19.Ng6+ Kf7 20.Bh4 Qc5 21.Kh1 Qxc4 22.Rac1 Qb5
23.Bd3  0-1

[Event "Balatonbereny op"]
[Site "Balatonbereny"]
[Date "1995.??.??"]
[Round "8"]
[White "De Francesco, Klaus"]
[Black "Kladiva, Istvan"]
[Result "1-0"]
[WhiteElo "2280"]
[BlackElo "2085"]

1.d4 d5 2.c4 e6 3.Nc3 c6 4.Nf3 Nf6 5.e3 Nbd7 6.Bd3 Be7 7.b3 O-O 8.Bb2 Re8
9.O-O Bd6 10.Ne2 e5 11.dxe5 Nxe5 12.Nxe5 Bxe5 13.Bxe5 Rxe5 14.Nf4 Qe7 15.Qc2 g6
16.Rad1 Bg4 17.Rd2 Rd8 18.h3 g5 19.hxg4 gxf4 20.exf4 Nxg4 21.Bf5 h5 22.fxe5 Qh4
23.Bxg4 hxg4 24.Qf5  1-0

[Event "Balatonbereny-B"]
[Site "Balatonbereny"]
[Date "1995.??.??"]
[Round "8"]
[White "Petran, Pal"]
[Black "Thallinger, Harald"]
[Result "1/2-1/2"]
[WhiteElo "2420"]
[BlackElo "2280"]

1.d4 d5 2.Nf3 Nf6 3.c4 c6 4.Nc3 e6 5.e3 Nbd7 6.Bd3 dxc4 7.Bxc4 b5 8.Bd3 a6
9.e4 c5 10.e5 cxd4 11.Nxb5 Nxe5 12.Nxe5 axb5 13.Bxb5+ Bd7 14.Nxd7 Qa5+ 15.Bd2 Qxb5
16.Nxf8 Rxf8 17.b3 Kd7 18.a4 Qd3 19.Qf3 Qe4+ 20.Qxe4 Nxe4 21.Ke2 Rfb8 22.Rhb1 Nc5
23.b4 Nxa4 24.Kd3 e5 25.f4 f6 26.fxe5 fxe5 27.Ke4 Kd6 28.Rc1 Nb6 29.Rxa8 Rxa8
30.b5 Rc8 31.Bb4+ Ke6 32.Ra1 Rc4 33.Ra6 d3+ 34.Kxd3 e4+ 35.Ke3 Rxb4 36.Rxb6+ Ke5
37.Rb7 Rb3+ 38.Kf2 Rb2+ 39.Kg3 Rb3+ 40.Kf2 Rb2+ 41.Kg3 Rb3+  1/2-1/2

[Event "Balatonbereny-B"]
[Site "Balatonbereny"]
[Date "1995.??.??"]
[Round "11"]
[White "Thallinger, Harald"]
[Black "Feher, Gyula"]
[Result "1/2-1/2"]
[WhiteElo "2280"]
[BlackElo "2415"]

1.d4 d5 2.c4 c6 3.Nf3 Nf6 4.Nc3 e6 5.e3 Nbd7 6.Qc2 Bd6 7.g4 Nxg4 8.Rg1 Qf6
9.Rxg4 Qxf3 10.Rxg7 Nf6 11.Rg5 Ne4  1/2-1/2

[Event "Barbera del Valles op"]
[Site "Barbera del Valles"]
[Date "1995.??.??"]
[Round "2"]
[White "Korneev, Oleg"]
[Black "Gomez Jurado, Luis Alberto"]
[Result "0-1"]
[WhiteElo "2605"]
[BlackElo "2275"]

1.d4 d5 2.Nf3 Nf6 3.c4 e6 4.Nc3 c6 5.e3 Nbd7 6.Qc2 Bd6 7.g4 h6 8.Rg1 e5 9.cxd5 Nxd5
10.dxe5 Nb4 11.Qb3 Nc5 12.Qd1 Bc7 13.a3 Qxd1+ 14.Kxd1 Nbd3 15.Bxd3 Nxd3 16.Ke2 Nxe5
17.Nxe5 Bxe5 18.f4 Bxc3 19.bxc3 h5 20.gxh5 Kf8 21.a4 Rxh5 22.Ba3+ c5 23.Rg2 b6
24.Rag1 g6 25.c4 Rh3 26.Rc1 Bb7 27.Rf2 Be4 28.Rc3 Ke7 29.a5 Kd7 30.Ke1 Kc7
31.Rb3 Rd8 32.axb6+ axb6 33.Ke2 Bc2 34.Rc3 Bf5 35.Bb2 Bg4+ 36.Kf1 Bf3 37.Rxf3 Rxh2
38.Rf2 Rxf2+ 39.Kxf2 Rd2+ 40.Kf3 Rxb2 41.Ke4 Kc6 42.Ke5 b5 43.cxb5+ Rxb5
44.Kf6 Rb7 45.e4 Rc7 46.Rc1 Kb5 47.Rb1+ Kc4 48.f5 gxf5 49.exf5 Kd3 50.Rd1+ Ke2
51.Rh1 c4 52.Ke5 c3 53.Kd6 Ra7  0-1

[Event "Barbera del Valles op"]
[Site "Barbera del Valles"]
[Date "1995.??.??"]
[Round "6"]
[White "Gomez, A."]
[Black "Gomez Jurado, Luis Alberto"]
[Result "1-0"]
[WhiteElo "2325"]
[BlackElo "2275"]

1.d4 d5 2.Nf3 Nf6 3.c4 e6 4.Nc3 c6 5.e3 Nbd7 6.Qc2 Bd6 7.g4 dxc4 8.Bxc4 Nb6
9.Be2 Qc7 10.Bd2 Nxg4 11.Rg1 f5 12.h3 Nf6 13.e4 fxe4 14.Nxe4 Bf4 15.Nxf6+ gxf6
16.Nh4 Bxd2+ 17.Qxd2 Bd7 18.Bh5+ Kd8 19.Qh6 Nd5 20.Ng6 Qa5+ 21.Kf1 hxg6 22.Qxh8+ Kc7
23.Qxa8 gxh5 24.Rg8 Qb5+ 25.Kg1 Nf4 26.Qd8+ Kd6 27.Qb8+ Kd5 28.Qxf4 Qxb2
29.Rc1 e5 30.Rc5+ Kd6 31.Qxf6+ Kc7 32.Qd8+ Kd6 33.Rg6+  1-0

[Event "Catalunya-ch"]
[Site "Barcelona"]
[Date "1995.??.??"]
[Round "5"]
[White "Gonzalez Velez, Fermin"]
[Black "Estrella, J."]
[Result "1-0"]
[WhiteElo "2395"]
[BlackElo "2315"]

1.d4 d5 2.c4 c6 3.Nc3 Nf6 4.Nf3 e6 5.e3 Nbd7 6.Qc2 Bd6 7.Be2 O-O 8.O-O e5
9.cxd5 cxd5 10.dxe5 Nxe5 11.Rd1 Be6 12.e4 Nxf3+ 13.Bxf3 Qc7 14.exd5 Bxh2+
15.Kh1 Bd7 16.g3 Bxg3 17.fxg3 Qxg3 18.Qg2 Qh4+ 19.Qh2 Qc4 20.Qf4 Qc8 21.Rg1 Bf5
22.Rxg7+ Kxg7 23.Qh6+ Kg8 24.Qxf6 Bg6 25.Kg2 Qf5 26.Qxf5 Bxf5 27.d6 Rad8
28.Bf4 f6 29.Bxb7 Rfe8 30.Bc6 Bd7 31.Bf3  1-0

[Event "Oberliga Bayern9495"]
[Site "Bayern"]
[Date "1995.??.??"]
[Round "1"]
[White "Pinter, Jozsef"]
[Black "De Francesco, Klaus"]
[Result "1-0"]
[WhiteElo "2550"]
[BlackElo "2235"]

1.d4 e6 2.c4 d5 3.Nc3 c6 4.e3 Nf6 5.Nf3 Nbd7 6.Bd3 Be7 7.O-O O-O 8.b3 b6
9.Bb2 Bb7 10.Qe2 Rc8 11.Rad1 Qc7 12.Ne5 Nxe5 13.dxe5 Nd7 14.f4 Nc5 15.Bb1 dxc4
16.bxc4 Rcd8 17.Rd4 a6 18.h4 b5 19.h5 b4 20.Nd1 Nd7 21.Qg4 c5 22.Rd6 f5 23.exf6 Nxf6
24.Qxe6+ Kh8 25.Rxd8 Qxd8 26.Nf2 Bc8 27.Qc6 Nxh5 28.Qh6  1-0

[Event "Oberliga Bayern9495"]
[Site "Bayern"]
[Date "1995.??.??"]
[Round "1"]
[White "Naumkin, Igor"]
[Black "De Francesco, Klaus"]
[Result "1-0"]
[WhiteElo "2475"]
[BlackElo "2235"]

1.d4 e6 2.c4 d5 3.Nc3 c6 4.e3 Nf6 5.Nf3 Nbd7 6.Qc2 Bd6 7.Be2 Qe7 8.O-O O-O
9.Bd2 dxc4 10.Bxc4 e5 11.h3 e4 12.Ng5 Nb6 13.Bb3 Bf5 14.f3 Rae8 15.Ngxe4 Nxe4
16.Nxe4 Qh4 17.Be1 Qh6 18.Qf2 Bxe4 19.fxe4 Rxe4 20.Bd2 Re7 21.e4 Qh5 22.e5 Nd5
23.Bd1  1-0

[Event "Regionalliga SO9495"]
[Site "Bayern"]
[Date "1995.??.??"]
[Round "4"]
[White "Haller, Christoph"]
[Black "Doerfler, Guenther"]
[Result "1/2-1/2"]
[WhiteElo "2080"]
[BlackElo "1990"]

1.d4 d5 2.c4 c6 3.Nf3 Nf6 4.e3 e6 5.Nc3 Be7 6.b3 O-O 7.Bd3 b6 8.O-O Nbd7
9.Qe2 Bb7 10.e4 dxe4 11.Nxe4 c5 12.Bb2 Nxe4 13.Bxe4 Bxe4 14.Qxe4 Bf6 15.Rad1 Qc7
16.Rd2 Rad8 17.Rfd1 h6 18.g4 cxd4 19.Nxd4 Nc5 20.Qf3 a6 21.Ba3 Bg5 22.Rb2 e5
23.Nf5 e4 24.Qe2 Rxd1+ 25.Qxd1 Rd8 26.Qe2 Nd3 27.Rb1 Qe5 28.Rd1 Kh7 29.Bd6 Qe6
30.Bg3 h5 31.Nd6 Nf4 32.Bxf4 Bxf4 33.Nf5 Rxd1+ 34.Qxd1 g6 35.Ne3 Bxe3 36.fxe3 Qxg4+
37.Qxg4 hxg4 38.b4 Kg7 39.Kf2 f5 40.Kg3 g5 41.Kf2 Kf7 42.Kg3 Ke6 43.Kf2 f4
44.Ke2 Kd6 45.Kf2 a5 46.a3 axb4 47.axb4 Ke5 48.Ke2  1/2-1/2

[Event "Regionalliga SW9495"]
[Site "Bayern"]
[Date "1995.??.??"]
[Round "5"]
[White "Marschall, Josef"]
[Black "Schmidt, Volker"]
[Result "1-0"]
[WhiteElo "2005"]
[BlackElo "1775"]

1.d4 d5 2.c4 c6 3.Nc3 e6 4.e3 Nf6 5.Nf3 Be7 6.Bd3 O-O 7.O-O dxc4 8.Bxc4 b5
9.Bd3 Bb7 10.e4 a6 11.e5 Nfd7 12.a4 b4 13.Ne4 c5 14.dxc5 g6 15.Bh6 Re8 16.Nd6 Bxd6
17.cxd6 Bd5 18.Bg5 Qa5 19.Re1 Nc6 20.Be4 Ncxe5 21.Bxd5 Qxd5 22.Qxd5 exd5
23.Nxe5 Rxe5 24.Rxe5 Nxe5 25.f4 Nd7 26.Be7 Rc8 27.Rd1 Rc5 28.Bd8 a5 29.Re1 d4
30.Rd1 Rd5 31.Bc7 Nf6 32.h3 Ne4 33.d7 Rxd7 34.Bxa5 b3 35.Bb4 d3 36.a5 Rd4
37.Bd2 Ra4 38.Be1 d2 39.Bxd2 Nxd2 40.Rxd2 Rxa5 41.Rd3 Rb5 42.Kf2 Kg7 43.Ke3 Kf6
44.g4 Ke6 45.Kd2 Rd5 46.Rxd5 Kxd5 47.Kc3 Ke4 48.Kxb3 Kxf4 49.Kc4 f5 50.b4 fxg4
51.hxg4 h5 52.gxh5 gxh5 53.b5 h4 54.b6 h3 55.b7 Kg3 56.b8=Q+ Kg2 57.Qb2+ Kg1
58.Qb6+ Kg2 59.Qg6+ Kh1 60.Qe4+  1-0

[Event "Lee Cup"]
[Site "Beijing"]
[Date "1995.??.??"]
[Round "1"]
[White "Zhang Weida"]
[Black "Liang Jinrong"]
[Result "0-1"]
[WhiteElo "2300"]
[BlackElo "2450"]

1.c4 e6 2.Nc3 d5 3.d4 c6 4.e3 Nf6 5.Nf3 Nbd7 6.Qc2 Bd6 7.Be2 O-O 8.O-O Qe7
9.e4 dxe4 10.Nxe4 Nxe4 11.Qxe4 e5 12.Bg5 Nf6 13.Bxf6 gxf6 14.dxe5 fxe5 15.c5 Bxc5
16.Bc4 Kg7 17.Nxe5 f6 18.Bd3 Rh8 19.Nc4 Qxe4 20.Bxe4 Re8 21.Bf3 Be6 22.Rac1 Bd4
23.Nd6 Re7 24.Rfe1 Be5 25.Rcd1 Bxd6 26.Rxd6 Rae8 27.a3 Bd5 28.Rxe7+ Rxe7
29.h4 Bxf3 30.gxf3 Kg6 31.b4 Rc7 32.Kf1 c5 33.bxc5 Rxc5 34.Rd7 Rb5 35.Kg2 a5
36.Kg3 Rb3 37.h5+ Kxh5 38.Rxh7+ Kg5 39.Rd7 a4 40.Rd5+ Kg6 41.Rd7 Kf5 42.Re7 b5
43.Rc7 Ke5 44.Rc5+ Kd4 45.Rf5 Kc4 46.Rf4+ Kc3 47.Rxf6 Rxa3 48.f4 Kb2+ 49.Kg4 Rc3
50.Rb6 Rc5 51.f5 a3 52.f6 a2 53.f7 a1=Q 54.f8=Q Qg1+ 55.Kh4 Qg5+ 56.Kh3 Qh5+
57.Kg3 Rg5+ 58.Kf4 Qg4+  0-1

[Event "Tan Cup"]
[Site "Beijing"]
[Date "1995.??.??"]
[Round "8"]
[White "Li Wenliang"]
[Black "Wong Meng Kong"]
[Result "1/2-1/2"]
[WhiteElo "2425"]
[BlackElo "2430"]

1.d4 d5 2.c4 c6 3.Nc3 e6 4.Nf3 Nf6 5.e3 Nbd7 6.Bd3 b6 7.O-O Bb7 8.b3 Be7
9.Bb2 O-O 10.Qe2 Re8 11.Rfd1 Qc7 12.e4 dxe4 13.Nxe4 Nxe4 14.Qxe4 g6 15.Qe2 Bf6
16.Re1 c5 17.Be4 Rad8 18.Rad1 Bxe4 19.Qxe4 Bg7 20.h3 a6 21.Ba1 cxd4 22.Nxd4 Nc5
23.Qc6 Rc8 24.Qxc7 Rxc7 25.Nc2 Bxa1 26.Nxa1 b5 27.Rd4 Nd7 28.Rd6 Nf6 29.Rxa6 bxc4
30.bxc4 Rxc4 31.Nb3 Rd8 32.Re2 Rd1+ 33.Kh2 Nd5 34.g3 h5 35.h4 Kg7 36.Ra5 Nf6
37.Rc5 Rb4 38.Kg2 Nd5 39.Rc1 Rd3 40.Nc5 Ra3 41.Rcc2 g5 42.hxg5 Rg4 43.Re4 Rxg5
44.Kh2 Nf6 45.Rf4 Rd5 46.Rb4 Kg6 47.Kg2 Ng4 48.Rb3 Ra5 49.Nd3 e5 50.Nb4 Rdb5
51.Nc6 Rxa2 52.Rxb5 Rxc2 53.Nxe5+ Nxe5  1/2-1/2

[Event "Belgrade Minex"]
[Site "Belgrade"]
[Date "1995.??.??"]
[Round "2"]
[White "Shneider, Aleksandr"]
[Black "Szuhanek, Ranko"]
[Result "1/2-1/2"]
[WhiteElo "2530"]
[BlackElo "2350"]

1.d4 d5 2.c4 c6 3.Nc3 Nf6 4.e3 e6 5.Nf3 Nbd7 6.Qc2 b6 7.cxd5 exd5 8.Bd3 Bb7
9.O-O Be7 10.b3 O-O 11.Ne5 c5 12.Bb2 g6 13.Rad1 Rc8 14.Qe2 Bd6 15.Nxd7 Qxd7
16.dxc5 bxc5 17.Ba6 Bxa6 18.Qxa6 Rc6 19.Qa4 Rb8 20.Qh4 Qf5  1/2-1/2

[Event "Belgrade Minex"]
[Site "Belgrade"]
[Date "1995.??.??"]
[Round "4"]
[White "Djokic, Nenad"]
[Black "Szuhanek, Ranko"]
[Result "0-1"]
[WhiteElo "2365"]
[BlackElo "2350"]

1.d4 d5 2.c4 c6 3.Nf3 Nf6 4.e3 e6 5.Nc3 Nbd7 6.Bd3 dxc4 7.Bxc4 b5 8.Bb3 a6
9.O-O Bb7 10.e4 b4 11.e5 bxc3 12.exf6 Nxf6 13.bxc3 Be7 14.Rb1 Qc7 15.Re1 O-O
16.Ne5 Nd5 17.Bc2 c5 18.Qg4 f5 19.Qg3 cxd4 20.Ng6 Bd6 21.Rxb7 Qxb7 22.Qxd6 hxg6
23.Bb3 Kh7 24.Rxe6 Nf6 25.Qxd4 Rae8 26.Re3 Rxe3 27.Qh4+ Nh5 28.Bxe3 Re8 29.h3 Re4
30.Qd8 Nf6 31.Bd4 Re8 32.Qd6 Re1+ 33.Kh2 Qe7 34.Qf4 Nh5 35.Qb8 Qe8 36.Qb7 a5
37.g4 fxg4 38.hxg4 Re7 39.Qf3 Qb8+ 40.Kh3 Nf4+ 41.Kh4 Ne2 42.g5 Qh2+  0-1

[Event "Belgrade Invest"]
[Site "Belgrade"]
[Date "1995.??.??"]
[Round "7"]
[White "Kramnik, Vladimir"]
[Black "Shirov, Alexei"]
[Result "1/2-1/2"]
[WhiteElo "2730"]
[BlackElo "2695"]

1.Nf3 d5 2.d4 c6 3.c4 Nf6 4.Nc3 e6 5.e3 Nbd7 6.Qc2 Bd6 7.Bd3 O-O 8.Bd2 Qe7
9.O-O dxc4 10.Bxc4 b5 11.Bd3 Bb7 12.e4 e5 13.Ne2 c5 14.Ng3 g6 15.dxe5 Nxe5
16.Bxb5 Nfg4 17.Nxe5 Bxe5 18.Bc3 Qh4 19.h3 Ne3 20.fxe3 Qxg3 21.Bxe5 Qxe5
22.Rf4 Kg7 23.Rc1 Rac8 24.Qc3 Qxc3 25.Rxc3 Rfd8 26.Ra3 g5 27.Rf2 Rd1+ 28.Kh2 Ra8
29.Bc4 Rd7 30.e5 Be4 31.Ra6 Re7 32.e6 fxe6 33.Rxe6 Rxe6 34.Bxe6 Rd8 35.Bf5 Rf8
36.g4 h5 37.Kg3 h4+ 38.Kh2 Re8 39.Bxe4 Rxe4 40.Rf5 Kg6 41.Rxc5 Rxe3 42.Rb5 Kf6
43.a4 a6 44.Rf5+ Kg6 45.b4 Re4 46.Ra5 Rxb4 47.Rxa6+ Kg7 48.a5 Rb3 49.Kg2 Rb2+
50.Kg1 Rb1+ 51.Kg2 Rb2+ 52.Kf3 Rb3+ 53.Ke4 Rxh3 54.Kf5 Rf3+ 55.Kxg5 h3 56.Rg6+ Kf7
57.Rh6 Kg7 58.Rg6+  1/2-1/2

[Event "Benasque op"]
[Site "Benasque"]
[Date "1995.??.??"]
[Round "2"]
[White "Nicoara Etchegaray, Malina"]
[Black "Antunes, Antonio"]
[Result "0-1"]
[WhiteElo "2175"]
[BlackElo "2530"]

1.d4 d5 2.c4 c6 3.Nf3 Nf6 4.Nc3 e6 5.e3 Nbd7 6.Bd3 dxc4 7.Bxc4 b5 8.Be2 Bb7
9.O-O Be7 10.e4 b4 11.e5 bxc3 12.exf6 Bxf6 13.bxc3 O-O 14.Rb1 Qc7 15.Bf4 Qxf4
16.Rxb7 Rfd8 17.Qa4 Nc5 18.Qxc6 Rac8 19.g3 Rxc6  0-1

[Event "Berga op"]
[Site "Berga"]
[Date "1995.??.??"]
[Round "8"]
[White "Gonzales, JA."]
[Black "Korneev, Oleg"]
[Result "1-0"]
[WhiteElo "2395"]
[BlackElo "2605"]

1.c4 e6 2.d4 d5 3.Nc3 c6 4.e3 Nf6 5.Nf3 Nbd7 6.Qc2 Bd6 7.b3 O-O 8.Bb2 Re8
9.Bd3 dxc4 10.Bxc4 Qe7 11.O-O-O b5 12.Bd3 Bb7 13.Kb1 a6 14.Ng5 h6 15.Nge4 Bb4
16.Nxf6+ Nxf6 17.Ne4 Nxe4 18.Bxe4 a5 19.Rc1 Rec8 20.Qd3 a4 21.Rc2 axb3 22.Qxb3 Ra4
23.Rhc1 Qd7 24.g4 Bf8 25.f4 Kh8 26.h4 Ra6 27.g5 h5 28.Qd3 Kg8 29.g6 Rca8
30.gxf7+ Kxf7 31.Qe2 Ke8 32.Qxh5+ Kd8 33.Qg5+ Be7 34.Qxg7 Rxa2 35.Qh8+ Kc7
36.Qe5+ Bd6 37.Qxb5 R2a6 38.d5 exd5 39.Qxd5 Rb6 40.Qd4 Qe6 41.Bd5 Qg6 42.e4 Rb4
43.Rxc6+ Bxc6 44.Rxc6+ Kd7 45.Qxb4 Ra1+ 46.Bxa1 Qg1+ 47.Rc1  1-0

[Event "Berliner Sommer"]
[Site "Berlin"]
[Date "1995.??.??"]
[Round "1"]
[White "Teske, Henrik"]
[Black "Czanderle, Guenther"]
[Result "1/2-1/2"]
[WhiteElo "2500"]
[BlackElo "2065"]

1.d4 d5 2.Nf3 c6 3.c4 Nf6 4.e3 e6 5.Nc3 Be7 6.Qc2 O-O 7.b3 b6 8.Bb2 Bb7 9.Bd3 Nbd7
10.O-O c5 11.cxd5 exd5 12.Rac1 Rc8 13.Ne5 g6 14.Nxd7 Qxd7 15.dxc5 bxc5 16.Rfd1 Qe6
17.Ne2 Rfd8 18.Nf4 Qb6 19.Qe2 c4 20.Bb1 cxb3 21.Bd4 Qa5 22.axb3 Rxc1 23.Rxc1 Rc8
24.Rxc8+ Bxc8 25.h3 Ne4 26.Kh2 Bd6 27.g3 Bxf4 28.exf4 Qd2 29.Qe3 Qxe3 30.Bxe3 a6
31.Bd3 f6 32.f3 Nd6 33.Bc5 Nb5 34.g4 Kf7 35.Kg3 Nc7 36.Bb6 Nb5 37.Kf2 Ke7
38.Ke3 Be6 39.b4 Kd7 40.Bc5 f5 41.Bxb5+ axb5 42.Kd4 Ke8 43.Ke5 Kf7 44.Kd6 d4
45.Bxd4 Bc4 46.Ke5 Bd3 47.h4 Bc2  1/2-1/2

[Event "Berliner Sommer"]
[Site "Berlin"]
[Date "1995.??.??"]
[Round "1"]
[White "Korotylev, Alexey"]
[Black "Kristovic, Stjepan"]
[Result "1-0"]
[WhiteElo "2450"]
[BlackElo "2005"]

1.d4 d5 2.c4 e6 3.Nc3 Nf6 4.Nf3 c6 5.e3 Bd6 6.Bd3 Nbd7 7.O-O O-O 8.e4 dxe4
9.Nxe4 Nxe4 10.Bxe4 h6 11.Bc2 f5 12.Re1 Nf6 13.Bd2 Bd7 14.Qe2 Re8 15.Rad1 b6
16.Ne5 Qc7 17.Bf4 Rad8 18.c5 Bf8 19.Ng6 Qc8 20.Be5 Ng4 21.b4 Kh7 22.Nxf8+ Rxf8
23.Qxg4 Rf7 24.Qh5 Be8 25.Bb3 Rf6 26.Qh4 Rg6 27.h3 Rd7 28.Rd3 Bf7 29.Rg3 Rxg3
30.Qxg3 g6 31.Bd6 Rd8 32.Qe5 Re8 33.Qf6 Qd7 34.h4 h5 35.Re3 b5 36.Kh2 a6
37.Kg1 Kg8 38.Be5 Kf8 39.Qg7+  1-0

[Event "Berliner Sommer"]
[Site "Berlin"]
[Date "1995.??.??"]
[Round "1"]
[White "Ulibin, Mikhail"]
[Black "Wierzbicki, Jan Daniel"]
[Result "1-0"]
[WhiteElo "2545"]
[BlackElo "2050"]

1.Nf3 d5 2.d4 Nf6 3.c4 c6 4.Nc3 e6 5.e3 Nbd7 6.Bd3 Bd6 7.O-O dxc4 8.Bxc4 O-O
9.e4 e5 10.Bg5 Qc7 11.Kh1 a6 12.Bb3 Re8 13.Bxf6 Nxf6 14.dxe5 Bxe5 15.Nxe5 Qxe5
16.f4 Qe7 17.e5 Ng4 18.Qf3 Bf5 19.h3 Qh4 20.Kg1 Nh6 21.g4 Be6 22.Ne4 Red8
23.Nd6 Qe7 24.Rae1 Rd7 25.Bc2 g6 26.f5 Bd5 27.Qg3 Qg5 28.f6 Be6 29.Ne4 Nf5
30.Rxf5 Qh6 31.Rf2 Rd4 32.Bb3 Bxb3 33.axb3 Rad8 34.e6 Rd3 35.Qxd3 Rxd3 36.e7  1-0

[Event "Berliner Sommer"]
[Site "Berlin"]
[Date "1995.??.??"]
[Round "2"]
[White "Thallinger, Guenther"]
[Black "Hector, Jonny"]
[Result "1-0"]
[WhiteElo "2200"]
[BlackElo "2510"]

1.d4 d5 2.c4 c6 3.Nc3 Nf6 4.Nf3 e6 5.e3 Nbd7 6.Qc2 Bd6 7.g4 dxc4 8.Bxc4 e5
9.g5 Nd5 10.Bd2 N5b6 11.Bb3 exd4 12.exd4 Qe7+ 13.Kf1 Nf8 14.Re1 Bh3+ 15.Kg1 Ne6
16.Nh4 O-O 17.Qd3 Bf4 18.Bxf4 Nxf4 19.Rxe7 Nxd3 20.g6 Rad8 21.gxf7+ Kh8 22.Ne2 g5
23.Re3 gxh4 24.Rxh3 Nxb2 25.Nf4 Rxd4 26.Rxh4 Rd6 27.Be6 Kg7 28.Kf1 Nd3 29.Nh5+ Kh8
30.Nf6 Rxf7 31.Rg1  1-0

[Event "Berliner Sommer"]
[Site "Berlin"]
[Date "1995.??.??"]
[Round "3"]
[White "Koch, Thomas"]
[Black "Ruzele, Darius"]
[Result "0-1"]
[WhiteElo "2345"]
[BlackElo "2505"]

1.d4 e6 2.c4 Nf6 3.Nf3 d5 4.Nc3 c6 5.e3 Nbd7 6.Qc2 Bd6 7.g4 dxc4 8.g5 Nd5
9.Bxc4 b6 10.Ne4 Be7 11.Qe2 Bb7 12.Ng3 b5 13.Bb3 N5b6 14.e4 c5 15.Be3 O-O
16.Rd1 Qc7 17.h4 cxd4 18.Nxd4 Nc4 19.g6 hxg6 20.h5 g5 21.Nxb5 Qa5+ 22.Nc3 Nxe3
23.Qxe3 Ne5 24.Kf1 Qb6 25.Qxb6 axb6 26.Kg2 Rfd8 27.Na4 b5 28.Nc3 b4 29.Nb5 Nd3
30.a3 Bc6 31.Nc7 Nf4+ 32.Kf3 Ra7  0-1

[Event "Berliner Sommer"]
[Site "Berlin"]
[Date "1995.??.??"]
[Round "4"]
[White "Soffer, Ram"]
[Black "Grabliauskas, Virginijus"]
[Result "1-0"]
[WhiteElo "2530"]
[BlackElo "2395"]

1.c4 e6 2.Nc3 d5 3.d4 c6 4.e3 Nf6 5.Nf3 Nbd7 6.Bd3 dxc4 7.Bxc4 b5 8.Be2 Bb7
9.O-O Be7 10.a3 a5 11.Bd2 O-O 12.Qb3 Bd6 13.Ng5 Nd5 14.f4 Qe7 15.Nce4 Bc7
16.Rac1 Rac8 17.Nf3 f6 18.Nc5 Nxc5 19.dxc5 Rcd8 20.g3 f5 21.Qc2 e5 22.fxe5 Bxe5
23.Bd3 Bc7 24.Rce1 Nf6 25.Bxf5 Bc8 26.Bxc8 Rxc8 27.Ng5 a4 28.Bc3 Be5 29.Bxe5 Qxe5
30.Rf5 Qe7 31.e4 h6 32.Nf3 Nd7 33.Nh4 Rf6 34.Rxf6 Qxf6 35.Nf5 Re8 36.Rd1 Ne5
37.Qc3 Kh7 38.Rf1 Ng4 39.Qf3 Qg5 40.h4 Qg6 41.Rd1 Ne5 42.Qf4 Qh5 43.Rf1 Re6
44.Kg2 Nc4 45.Nxg7 Qe2+ 46.Kh3 Ne3 47.Rf2 Qg4+ 48.Qxg4 Nxg4 49.Kxg4 Kxg7
50.Kf4 Kf7 51.e5  1-0

[Event "Berliner Sommer"]
[Site "Berlin"]
[Date "1995.??.??"]
[Round "5"]
[White "Kadimova, Ilaha"]
[Black "Ivanov, Sergey"]
[Result "1/2-1/2"]
[WhiteElo "2305"]
[BlackElo "2545"]

1.d4 d5 2.c4 e6 3.Nf3 Nf6 4.Nc3 c6 5.e3 Nbd7 6.Bd3 dxc4 7.Bxc4 b5 8.Bd3 a6
9.e4 c5 10.e5 cxd4 11.Nxb5 axb5 12.exf6 gxf6 13.O-O Qb6 14.Be4 Bb7 15.Bxb7 Qxb7
16.Nxd4 Rg8 17.f3 Qd5 18.Be3 Bc5 19.Nc2 Rg5 20.Qxd5 Rxd5 21.Bxc5 Nxc5 22.Nb4 Rd4
23.a3 Nb3 24.Rad1 Rad8 25.Rxd4 Rxd4 26.g3 e5 27.Rf2 Kd7 28.Kg2 f5 29.Re2 Kd6
30.Kf2 h5 31.Nc2 Rd3 32.Re3 Nc1 33.Ke1 f4 34.gxf4 exf4 35.Rxd3+ Nxd3+ 36.Kd2 Nxb2
37.Kc3 Nc4 38.Kb4 Ne5 39.Ne1 Kc6 40.h3 Kb6 41.Ng2 Nxf3 42.Nxf4 h4 43.Nd5+ Kc6
44.Ne3 Nd4 45.Ng2 Nf5 46.Ne1 Kb6 47.Ng2 f6 48.Nf4 Ne7 49.Ng2 Ng6 50.Ne3 Nf4
51.Nf5 Nxh3 52.Nxh4 Nf4 53.Nf5 Nd5+ 54.Kb3 Kc5 55.Ng3 Kd4 56.Nh5 f5 57.Ng7 Ke5
58.Nxf5 Kxf5 59.a4  1/2-1/2

[Event "Berliner Sommer"]
[Site "Berlin"]
[Date "1995.??.??"]
[Round "6"]
[White "Reichenbach, Werner"]
[Black "Klovans, Janis"]
[Result "0-1"]
[WhiteElo "2265"]
[BlackElo "2485"]

1.d4 Nf6 2.Nf3 e6 3.c4 d5 4.Nc3 c6 5.e3 Nbd7 6.Bd3 dxc4 7.Bxc4 b5 8.Bd3 Bb7
9.a3 a6 10.O-O c5 11.Qe2 Rc8 12.Bc2 Qc7 13.Bb3 Bd6 14.h3 O-O 15.Rd1 Rfe8
16.Bd2 e5 17.dxc5 Nxc5 18.Bc2 e4 19.Nd4 g6 20.Be1 Qe7 21.b4 Ncd7 22.Qf1 Qe5
23.g3 Qe7 24.Bb3 Ne5 25.Rac1 h5 26.Nce2 Nf3+ 27.Kg2 h4 28.Bc3 hxg3 29.fxg3 Be5
30.Nf4 Bxd4 31.Bxd4 Rxc1 32.Rxc1 Nxd4 33.exd4 e3+ 34.Kh2 e2 35.Qe1 g5  0-1

[Event "Berliner Sommer"]
[Site "Berlin"]
[Date "1995.??.??"]
[Round "7"]
[White "Teske, Henrik"]
[Black "Von Herman, Ulf"]
[Result "1-0"]
[WhiteElo "2500"]
[BlackElo "2380"]

1.d4 d5 2.Nf3 Nf6 3.c4 c6 4.e3 e6 5.Nc3 Nbd7 6.Qc2 Bd6 7.b3 O-O 8.Bd3 Qe7
9.O-O Re8 10.Bb2 e5 11.cxd5 e4 12.Nxe4 Nxe4 13.dxc6 Nf8 14.Ne5 Nf6 15.Bb5 Rd8
16.Rac1 a6 17.Be2 Be6 18.cxb7 Qxb7 19.Nc4 Rac8 20.Bf3 Qb5 21.g3 N8d7 22.e4 Bf8
23.d5 Bg4 24.Bg2 Bh5 25.f4 Ng4 26.Qd2 Nb6 27.h3 Nxc4 28.Rxc4 Rxc4 29.bxc4 Qb6+
30.Bd4 Bc5 31.Rd1 Ne3 32.Qxe3 Bxd1 33.Bxc5 Qb1 34.Bb6 Rc8 35.c5 Bf3+ 36.Kf2 Bxg2
37.Kxg2 Qxa2+ 38.Kf3 Qc4 39.d6 Qb5 40.Qd2 Qd7 41.Qd5 Qxh3 42.Qd3 Qd7 43.Qxa6 h5
44.f5 g6 45.Kf4 gxf5 46.exf5 Qc6 47.Qd3 Qa4+ 48.Qe4 Qd1 49.Kg5 Kh7 50.Kf6 Qa1+
51.Qe5 Qa4 52.Qe7 Qd4+ 53.Kxf7 Rg8 54.Ke6+ Rg7 55.Qh4 Qe3+ 56.Kd5 Qd3+ 57.Kc6 Qxf5
58.Bc7 Qf3+ 59.Kb5 Qb7+ 60.Bb6 Qd7+ 61.c6 Qf5+ 62.Bc5 Rg5 63.Qc4 Qc8 64.Qe4+ Kh6
65.c7 Rg4 66.Qc6 Rg7 67.d7+  1-0

[Event "Berliner Sommer"]
[Site "Berlin"]
[Date "1995.??.??"]
[Round "7"]
[White "Ulibin, Mikhail"]
[Black "Rogozenko, Dorin"]
[Result "1/2-1/2"]
[WhiteElo "2545"]
[BlackElo "2440"]

1.d4 d5 2.c4 c6 3.Nf3 Nf6 4.Nc3 e6 5.e3 Nbd7 6.Bd3 dxc4 7.Bxc4 b5 8.Be2 b4
9.Na4 Qa5 10.O-O Ba6 11.Bxa6 Qxa6 12.b3 Be7 13.Bb2 O-O 14.a3 bxa3 15.Bxa3 Bxa3
16.Rxa3 c5 17.Qa1 cxd4 18.Qxd4 Rfe8 19.Rd1 e5 20.Qb2 Qb7 21.Nc3 h6 22.h3  1/2-1/2

[Event "Berliner Sommer"]
[Site "Berlin"]
[Date "1995.??.??"]
[Round "8"]
[White "Ruzele, Darius"]
[Black "Bykhovsky, Anatoly A"]
[Result "1/2-1/2"]
[WhiteElo "2505"]
[BlackElo "2425"]

1.d4 d5 2.c4 e6 3.Nc3 c6 4.e3 Nf6 5.Nf3 Nbd7 6.Qc2 Bd6 7.Be2 O-O 8.O-O dxc4
9.Bxc4 Qe7 10.h3 e5 11.Bb3 Nb6 12.dxe5 Bxe5 13.Nxe5 Qxe5 14.e4 Re8 15.f3 Be6
16.Bxe6 Rxe6 17.Qf2 Rd8 18.Be3 Nc4 19.Rad1 Rxd1 20.Rxd1 Nxe3 21.Qxe3 Qa5
22.f4 h6 23.e5 Re7 24.Kh2 Nd7 25.Qd4 Qc5 26.Qd2 Qc4 27.b3 Qe6 28.Ne4 f6 29.exf6 Nxf6
30.Qd8+ Kh7 31.Nxf6+ Qxf6 32.Qd3+ Qg6 33.Qf3 Qc2 34.Rd8 Qf5 35.Rd2 Rd7 36.Re2 Rd4
37.g3 Rd3 38.Qf2 b6 39.Qg2 Rd5 40.Qf3 a5 41.Kg2 Qd3 42.Kf2 c5 43.Qxd3+  1/2-1/2

[Event "Berliner Sommer"]
[Site "Berlin"]
[Date "1995.??.??"]
[Round "9"]
[White "Zoler, Dan"]
[Black "Ruzele, Darius"]
[Result "1-0"]
[WhiteElo "2415"]
[BlackElo "2505"]

1.d4 e6 2.Nf3 Nf6 3.c4 d5 4.Nc3 c6 5.e3 Nbd7 6.Bd3 dxc4 7.Bxc4 b5 8.Be2 Bb7
9.O-O a6 10.e4 c5 11.e5 Nd5 12.a4 b4 13.Ne4 Qc7 14.Bg5 h6 15.Bd2 cxd4 16.Rc1 Qb6
17.Bd3 Be7 18.Qe2 Rc8 19.Rxc8+ Bxc8 20.Rc1 Bb7 21.Bb1 a5 22.Ng3 g6 23.Bd3 Kf8
24.Bb5 d3 25.Qxd3 Nc5 26.Qc4 Kg7 27.h4 Rc8 28.Qg4 Nb3 29.Rxc8 Bxc8 30.h5 Nxd2
31.Nxd2 g5 32.Nc4 Qa7 33.Ne4 Qd4 34.Nf6 Nf4 35.g3 Bc5 36.Ne3 Qd2 37.gxf4 Bxe3
38.fxe3 Qxe3+ 39.Kh2 Bb7 40.Qe2 Qxf4+ 41.Kg1 Bf3 42.Qf2 g4 43.Nd7 Qc1+ 44.Bf1 Qd1
45.Nc5 Qc1 46.Nd3 Qg5 47.Bg2 Bd1 48.Bc6 g3 49.Qf4 Bxh5 50.Qxg5+ hxg5 51.Kg2 Bd1
52.Nc5 Kg6 53.Be4+ f5 54.exf6 Kxf6 55.Bc6 Ke5 56.Nb7 Kf4 57.Nxa5 e5 58.Nc4 e4
59.a5 Bf3+ 60.Kg1 g4 61.Ne3 Kxe3 62.a6 Kd2 63.a7 e3 64.a8=Q e2 65.Qd8+ Kc1
66.Qe7 b3 67.Qe3+ Kxb2 68.Ba4 g2 69.Qxb3+ Ka1 70.Qc3+  1-0